Detalles MARC
| 000 -CABECERA |
| Longitud fija campo de control |
02379nam a2200409 c 4500 |
| 001 - NÚMERO DE CONTROL |
| Número de control |
53092 |
| 003 - IDENTIFICADOR DE NÚMERO DE CONTROL |
| Identificador del número de control |
ES-MaCES |
| 005 - FECHA Y HORA DE LA ÚLTIMA TRANSACCIÓN |
| Fecha y hora de la última transacción |
20251119132541.0 |
| 008 - CAMPO FIJO DE DESCRIPCIÓN FIJA--INFORMACIÓN GENERAL |
| Códigos de información de longitud fija |
240228s2023 fr 000 | fre d |
| 020 ## - ISBN (INTERNATIONAL STANDARD BOOK NUMBER) |
| Número Internacional Normalizado para Libros (ISBN) |
9782348080074 |
| 040 ## - FUENTE DE CATALOGACIÓN |
| Centro catalogador de origen |
ES-MaCES |
| Lengua de catalogación |
spa |
| Centro transcriptor |
ES-MaCES |
| 245 02 - MENCIÓN DE TÍTULO |
| Título |
L'economie mondiale 2024 |
| Mención de responsabilidad, etc. |
CEPII |
| 260 ## - PUBLICACIÓN, DISTRIBUCIÓN, ETC (PIE DE IMPRENTA) |
| Lugar de publicación, distribución, etc. |
Paris |
| Nombre del editor, distribuidor, etc. |
La Découverte |
| Fecha de publicación, distribución, etc. |
[2023] |
| 300 ## - DESCRIPCIÓN FÍSICA |
| Extensión |
127 p. |
| Dimensiones |
19 cm |
| 490 1# - MENCIÓN DE SERIE |
| Mención de serie |
Repères. |
| Designación de volumen o secuencia |
814. Économie |
| 520 3# - RESUMEN, ETC. |
| Sumario, etc, |
Cada año, el CEPII publica nuevos análisis de los principales problemas económicos mundiales en la colección “Repères”. La economía global se encuentra en una fase de reconfiguración, en plural. En primer lugar, el de la globalización: no es que esté en marcha una desglobalización, sino que se está observando un cambio de paradigma con el regreso de las políticas industriales. El mundo de la energía también forma parte de esta recomposición, y ahora se establecen relaciones comerciales entre socios de confianza.<br/>En cuanto a las políticas comerciales, sus nuevos objetivos, en términos de medio ambiente y seguridad económica, priman sobre los de eficiencia económica. También es dentro del sistema monetario internacional donde se están produciendo cambios: a través de sus intervenciones, los bancos centrales y los Estados influyen cada vez más en los movimientos de capitales y divisas. Si las preocupaciones ambientales alimentan estas recomposiciones, la financiación de la transición ecológica aún no está asegurada. |
| 541 ## - NOTA DE LA FUENTE INMEDIANTE DE ADQUISICIÓN |
| Forma de adquisición |
Compra |
| 650 #4 - ASIENTO SECUNDARIO DE MATERIA--TÉRMINO DE MATERIA |
| Término de materia o nombre geográfico como elemento inicial |
condiciones económicas |
| 9 (RLIN) |
27081 |
| 650 #4 - ASIENTO SECUNDARIO DE MATERIA--TÉRMINO DE MATERIA |
| Término de materia o nombre geográfico como elemento inicial |
indicador económico |
| 9 (RLIN) |
27073 |
| 650 #4 - ASIENTO SECUNDARIO DE MATERIA--TÉRMINO DE MATERIA |
| Término de materia o nombre geográfico como elemento inicial |
globalización económica |
| 9 (RLIN) |
30653 |
| 650 #4 - ASIENTO SECUNDARIO DE MATERIA--TÉRMINO DE MATERIA |
| Término de materia o nombre geográfico como elemento inicial |
comercio internacional |
| 9 (RLIN) |
27958 |
| 650 #4 - ASIENTO SECUNDARIO DE MATERIA--TÉRMINO DE MATERIA |
| Término de materia o nombre geográfico como elemento inicial |
relaciones comerciales |
| 9 (RLIN) |
27965 |
| 650 #4 - ASIENTO SECUNDARIO DE MATERIA--TÉRMINO DE MATERIA |
| Término de materia o nombre geográfico como elemento inicial |
cambio climático |
| 9 (RLIN) |
30961 |
| 650 #4 - ASIENTO SECUNDARIO DE MATERIA--TÉRMINO DE MATERIA |
| Término de materia o nombre geográfico como elemento inicial |
política energética |
| 9 (RLIN) |
29399 |
| 650 #4 - ASIENTO SECUNDARIO DE MATERIA--TÉRMINO DE MATERIA |
| Término de materia o nombre geográfico como elemento inicial |
política industrial |
| 9 (RLIN) |
27627 |
| 650 #4 - ASIENTO SECUNDARIO DE MATERIA--TÉRMINO DE MATERIA |
| Término de materia o nombre geográfico como elemento inicial |
desarrollo sostenible |
| 9 (RLIN) |
30785 |
| 650 #4 - ASIENTO SECUNDARIO DE MATERIA--TÉRMINO DE MATERIA |
| Término de materia o nombre geográfico como elemento inicial |
evaluación del impacto ambiental |
| 9 (RLIN) |
30344 |
| 650 #4 - ASIENTO SECUNDARIO DE MATERIA--TÉRMINO DE MATERIA |
| Término de materia o nombre geográfico como elemento inicial |
sistema monetario internacional |
| 9 (RLIN) |
28167 |
| 650 #4 - ASIENTO SECUNDARIO DE MATERIA--TÉRMINO DE MATERIA |
| Término de materia o nombre geográfico como elemento inicial |
internacional |
| 9 (RLIN) |
26674 |
| 650 #4 - ASIENTO SECUNDARIO DE MATERIA--TÉRMINO DE MATERIA |
| Término de materia o nombre geográfico como elemento inicial |
2023 |
| 9 (RLIN) |
40696 |
| 653 10 - TÉRMINO DE INDEXACIÓN--NO CONTROLADO |
| Término no controlado |
Economía |
| 710 2# - ENCABEZAMIENTO SECUNDARIO--NOMBRE CORPORATIVO |
| 9 (RLIN) |
1879 |
| Nombre de entidad o nombre de jurisdicción como elemento inicial |
Centro de Estudios Prospectivos y de Información Internacional |
| 787 0# - ENTRADA DE OTRAS ESPECIFICACIONES |
| Título |
L'economie mondiale 2023 |
| Número de control del registro relacionado |
(ES-MaCES)52985 |
| 830 #0 - ENCABEZAMIENTO SECUNDARIO DE COLECCIÓN--TÍTULO UNIFORME |
| Título uniforme |
Repères |
| Designación de volumen o secuencia |
814 |
| 9 (RLIN) |
37607 |
| Nombre de parte o sección de la obra |
Économie |
| 902 ## - CES. TIPO DE DOCUMENTO |
| Tipodoc (006$c Sirtex) |
LIB Libro |
| 942 ## - ELEMENTOS KOHA |
| Fuente de clasificaión o esquema |
Clasificación propia del CES |
| Koha [por defecto] tipo de item |
Monografías |
| Parte de clasificación |
Economía |